الوقف الإسلامي بين النظرية و التطبيق / (رقم التسجيلة. 110946)

تفاصيل مارك
000 -الفاتح
عناصر البيانات ثابتة الطول 00690cam a2200193 i 4500
005 - تاريخ ووقت آخر معاملة
حقل ضبط 20251214090442.0
008 - عناصر البيانات ثابتة الطول
عناصر البيانات ثابتة الطول 250721s2008 jo gr 000 0 ara d
082 14 - رقم تصنيف ديوي العشري
رقم التصنيف 216.393
رقم المادة ص ب ر
100 1# - مدخل رئيسي – اسم شخصي
الاسم الشخصي صبري، عكرمة سعيد
علاقة الشخص بالعمل/ دوره مؤلف.
245 12 - بيان العنوان
العنوان الوقف الإسلامي بين النظرية و التطبيق /
بيان المسؤولية د. عكرمة سعيد صبري.
250 ## - بيان الطبعة
بيان الطبعة الطبعة الاولى.
264 31 - بيانات النشر، التوزيع…إلخ
مكان النشر، التوزيع...إلخ عمان :
اسم الناشر، الموزع...إلخ دار النفائس للنشر و التوزيع،
تاريخ النشر، التوزيع...إلخ 2008.
300 ## - الوصف المادي
عدد الوحدات المكونة للوعاء 623 صفحة.
650 17 - مدخل إضافي بالموضوع - مصطلح موضوعي
مصطلح موضوعي أو اسم جغرافي كعنصر مدخل الفقه الاسلامي.
650 17 - مدخل إضافي بالموضوع - مصطلح موضوعي
مصطلح موضوعي أو اسم جغرافي كعنصر مدخل الوقف.
650 17 - مدخل إضافي بالموضوع - مصطلح موضوعي
مصطلح موضوعي أو اسم جغرافي كعنصر مدخل الوقف الخيري.
942 ## - بيانات إضافية (كوها)
نوع التنصيف Dewey Decimal Classification
نوع المادة (كوها) كتب
المقتنيات
حالة السحب حالة الفقدان مصدر التصنيف حالة التلف غير قابل للإعارة المكتبة الرئيسية المكتبة الحالية موقع الرف تاريخ التزويد الرقم المتسلسل Total Checkouts رقم الإستدعاء الباركود تاريخ آخر ظهور تاريخ الفاتورة نوع المادة (كوها) العملة تاريخ آخر استعارة
    Dewey Decimal Classification   Not For Loan المكتبة المركزية المكتبة المركزية الإعارة 28/07/2025 1162245   216.393/صبر 1162245 28/07/2025 28/07/2025 كتب    
    Dewey Decimal Classification     المكتبة المركزية المكتبة المركزية الإعارة 14/12/2025 1162242 1 216.393 / ص ب ر 1162242 04/01/2026 14/12/2025 كتب JOD 21/12/2025
    Dewey Decimal Classification     مكتبة أبو علندا العامة مكتبة أبو علندا العامة الإعارة 28/07/2025 1162254   216.393/صبر 1162254 28/07/2025 28/07/2025 كتب    
    Dewey Decimal Classification     مكتبة أم قصير والمقابلين العامة مكتبة أم قصير والمقابلين العامة الإعارة 28/07/2025 1162253   216.393/صبر 1162253 28/07/2025 28/07/2025 كتب    
    Dewey Decimal Classification     مكتبة الأميرة ايمان العامة مكتبة الأميرة ايمان العامة الإعارة 28/07/2025 1162246   216.393/صبر 1162246 28/07/2025 28/07/2025 كتب    
Withdrawn   Dewey Decimal Classification     مكتبة الأميرة سلمى مكتبة الأميرة سلمى الإعارة 24/06/2015 1464846   216.393/صبر PLD00333687 28/07/2025 24/06/2015 كتب    
    Dewey Decimal Classification     مكتبة الاميرة بديعة مكتبة الاميرة بديعة الإعارة 28/07/2025 1162249   216.393/صبر 1162249 28/07/2025 28/07/2025 كتب    
    Dewey Decimal Classification     مكتبة الجويدة مكتبة الجويدة الإعارة 28/07/2025 1162250   216.393/صبر 1162250 28/07/2025 28/07/2025 كتب    
    Dewey Decimal Classification     مكتبة النصر العامة مكتبة النصر العامة الإعارة 28/07/2025 1162256   216.393/صبر 1162256 28/07/2025 28/07/2025 كتب    
    Dewey Decimal Classification     مكتبة حمزة العامة مكتبة حمزة العامة الإعارة 28/07/2025 1162251   216.393/صبر 1162251 28/07/2025 28/07/2025 كتب    
    Dewey Decimal Classification     مكتبة صويلح العامة مكتبة صويلح العامة الإعارة 28/07/2025 1162247   216.393/صبر 1162247 28/07/2025 28/07/2025 كتب    
    Dewey Decimal Classification     مكتبة وادي السير العامة مكتبة وادي السير العامة الإعارة 28/07/2025 1162255   216.393/صبر 1162255 28/07/2025 28/07/2025 كتب    
Implemented & Customized by: BBB with SCIT (Smart Chains for Information Technology)

Powered by Koha